Štandardizácia ako nástroj pri posudzovaní regionálnych rozdielov v úmrtnosti
Informácia o metódach štandardizácie v demografických analýzach pri porovnávaní rôznych populácií. Metodický návod na výpočet štandardizovaných úmrtnostných indexov a štandardizovaných úmrtnostných indexov podľa príčin smrti jednotlivých okresov v Slovenskej republike a možnosť testovania štatistick...
Na minha lista:
| Autor principal: | |
|---|---|
| Formato: | Capítulo de Livro |
| Idioma: | eslovaco |
| Assuntos: | |
| Tags: |
Sem tags, seja o primeiro a adicionar uma tag!
|
MARC
| LEADER | 00000naa$a2200000$$$4500 | ||
|---|---|---|---|
| 001 | 0019807 | ||
| 005 | 20240502071409.6 | ||
| 041 | 0 | |a slo | |
| 044 | |a SK | ||
| 245 | 1 | 0 | |a Štandardizácia ako nástroj pri posudzovaní regionálnych rozdielov v úmrtnosti |c Soňa Sandtnerová |
| 520 | |a Informácia o metódach štandardizácie v demografických analýzach pri porovnávaní rôznych populácií. Metodický návod na výpočet štandardizovaných úmrtnostných indexov a štandardizovaných úmrtnostných indexov podľa príčin smrti jednotlivých okresov v Slovenskej republike a možnosť testovania štatistickej významnosti rozdielov v úmrtnosti a v úmrtnosti podľa príčin smrti jednotlivých regiónov. | ||
| 610 | 2 | 0 | |a štandardizácia |
| 610 | 2 | 0 | |a demografia |
| 610 | 2 | 0 | |a štatistika demografická |
| 610 | 2 | 0 | |a regióny |
| 610 | 2 | 0 | |a úmrtnosť |
| 610 | 2 | 0 | |a metódy indexné |
| 610 | 2 | 0 | |a metódy štatistické |
| 100 | 1 | |a Sandtnerová, Soňa | |